000 00850cam a2200193 4500
001 WB3705-36
008 000000n2001 000 0 eng u
035 _a(Sirsi) u110627
245 _aCalls for government assistance for organic farming
260 _c2001
490 _aWestern Mail
_v26 January 2001, 13(2)
520 _aIn 1997 the UK organic foods market was worth £40m. In 2001 this figure is predicted to rise to £764m. Clearly, the demand for organic food is rising and this new business offers a ray of hope for Britain's crises-plagued farmers. However, there are concerns that government needs to play a more positive role in expanding the production of organic food.
590 _aWB
650 _aORGANIC FARMING
650 _aORGANIC FARMING SCHEME
650 _aGOVERNMENT POLICY
690 _aRural
_96268
942 _n0
999 _c65924
_d65924